Thực hành giải toán Giáo trình đào tạo giáo viên Trung học cơ sở hệ cao đẳng sư phạm

Enregistré dans:
Détails bibliographiques
Auteur principal: Vũ, Dương Thụy
Autres auteurs: Phạm, Gia Đức
Format: Livre
Langue:Undetermined
Publié: H. Giáo dục 2001
Sujets:
Accès en ligne:http://lrc.tdmu.edu.vn/opac/search/detail.asp?aID=2&ID=6039
Tags: Ajouter un tag
Pas de tags, Soyez le premier à ajouter un tag!
Thư viện lưu trữ: Trung tâm Học liệu Trường Đại học Thủ Dầu Một
LEADER 00731nam a2200217Ia 4500
001 TDMU_6039
008 210410s9999 xx 000 0 und d
082 |a 510 
090 |b V500 
100 |a Vũ, Dương Thụy 
245 0 |a Thực hành giải toán 
245 0 |b Giáo trình đào tạo giáo viên Trung học cơ sở hệ cao đẳng sư phạm 
245 0 |c Vũ Dương Thụy 
260 |a H. 
260 |b Giáo dục 
260 |c 2001 
300 |a 412tr 
650 |a Toán  |x Dạy và học  |x Giải toán 
700 |a Phạm, Gia Đức 
856 |u http://lrc.tdmu.edu.vn/opac/search/detail.asp?aID=2&ID=6039 
980 |a Trung tâm Học liệu Trường Đại học Thủ Dầu Một